=LDR 00000nam 2200000 4500 =001 INLIS000000000028076 =005 20130612130415 =008 ***********************************Ind** =035 ##$$0010-061300000028076 =041 ##$$a Ind =082 ##$$a 747 =090 ##$$a 747, Sar i =100 ##$$a Sari, Nurul Wulan =245 ##$$a Instant make over, cara cepat mempercantik interior lantai, dinding, jendela, plafon, Nurul Wulan Sari ; editor, Hotman siahaan =260 ##$$a 2007 $b Jakarta =300 ##$$a 96 hlm, ilus, 26 cm =650 ##$$a Dekorasi Ruangan =700 ##$$a Siahaan, Hotman =850 ##$$a NBPNMAT